Skip to main content
Your cart is empty.
Your lists
Log in to create your own lists
Your cookies
العربية
English
العربية
Home
Search
Advanced search
Authority search
About
The noble scholar, jurist, historian
His Excellency Dr. Abdul Wahhab bin Ibrahim Abu Sulaiman, may Allah have mercy on him.
He was born in Umm Al-Qura in the year 1356 AH.
Library catalog
Title
Author
Subject
ISBN
ISSN
Series
Call number
Log in to your account
×
Login:
Password:
Home
MARC view: كشاف تحليلي للمسائل الفقهية في تفسير القرطبي /
Normal view
MARC view
ISBD view
كشاف تحليلي للمسائل الفقهية في تفسير القرطبي / (Record no. 8379)
[
view plain
]
MARC details
000 -LEADER
fixed length control field
01643cam a22003491i 4500
003 - CONTROL NUMBER IDENTIFIER
control field
SA-RiAUC
005 - DATE AND TIME OF LATEST TRANSACTION
control field
20250526073320.0
008 - FIXED-LENGTH DATA ELEMENTS--GENERAL INFORMATION
fixed length control field
250523s1988 su g i 000 0 ara c
040 ## - CATALOGING SOURCE
Original cataloging agency
EG-CaDAJ
Language of cataloging
ara
Transcribing agency
SA-RiAUC
Description conventions
rda
050 #4 - LIBRARY OF CONGRESS CALL NUMBER
Item number
S84 1988
082 04 - DEWEY DECIMAL CLASSIFICATION NUMBER
Classification number
227.3016
Assigning agency
SA-RiAUC
090 ## - LOCALLY ASSIGNED LC-TYPE CALL NUMBER (OCLC); LOCAL CALL NUMBER (RLIN)
Classification number (OCLC) (R) ; Classification number, CALL (RLIN) (NR)
227.3016
Local cutter number (OCLC) ; Book number/undivided call number, CALL (RLIN)
ا ل س
100 1# - MAIN ENTRY--PERSONAL NAME
Personal name
آل سليمان، مشهور بن حسن،
Dates associated with a name
1380 هجري-
Relator term
مؤلف.
245 10 - TITLE STATEMENT
Title
كشاف تحليلي للمسائل الفقهية في تفسير القرطبي /
Statement of responsibility, etc.
مشهور بن حسن بن محمود آل سلمان، جمال عبد اللطيف.
250 ## - EDITION STATEMENT
Edition statement
الطبعة الأولى.
264 #1 - PRODUCTION, PUBLICATION, DISTRIBUTION, MANUFACTURE, AND COPYRIGHT NOTICE
Place of production, publication, distribution, manufacture
الطائف، السعودية :
Name of producer, publisher, distributor, manufacturer
مكتبة الصديق،
Date of production, publication, distribution, manufacture, or copyright notice
1988
300 ## - PHYSICAL DESCRIPTION
Extent
286 صفحة ؛
Dimensions
24 سم
336 ## - CONTENT TYPE
Content type term
نص
Content type code
txt
Source
rdacontent
Materials specified
كتاب
337 ## - MEDIA TYPE
Media type term
بدون وسيط
Media type code
n
Source
rdamedia
338 ## - CARRIER TYPE
Carrier type term
مجلد
Carrier type code
nc
Source
rdacarrier
600 17 - SUBJECT ADDED ENTRY--PERSONAL NAME
Personal name
القرطبي، محمد بن أحمد بن أبي بكر،
Dates associated with a name
توفي 671 هجري
Source of heading or term
aucnm
630 27 - SUBJECT ADDED ENTRY--UNIFORM TITLE
Uniform title
القرآن
General subdivision
تفاسير مأثورة
Form subdivision
كشافات
Source of heading or term
aucut
630 27 - SUBJECT ADDED ENTRY--UNIFORM TITLE
Uniform title
القرآن
General subdivision
تفاسير
Form subdivision
كشافات
Source of heading or term
aucut
650 #7 - SUBJECT ADDED ENTRY--TOPICAL TERM
Topical term or geographic name entry element
الفقه الإسلامي
Form subdivision
كشافات
Source of heading or term
aucsh
650 #7 - SUBJECT ADDED ENTRY--TOPICAL TERM
Topical term or geographic name entry element
العبادات (فقه إسلامي)
Source of heading or term
aucsh
700 1# - ADDED ENTRY--PERSONAL NAME
Personal name
الدسوقي، جمال عبد اللطيف
Relator term
مؤلف.
700 12 - ADDED ENTRY--PERSONAL NAME
Relationship information
كشاف لـ :
Personal name
القرطبي، محمد بن أحمد بن أبي بكر،
Dates associated with a name
توفي 671 هجري.
Title of a work
الجامع لأحكام القرآن
730 22 - ADDED ENTRY--UNIFORM TITLE
Uniform title
القرآن
942 ## - ADDED ENTRY ELEMENTS (KOHA)
Source of classification or shelving scheme
Dewey Decimal Classification
Koha item type
Books
Suppress in OPAC
No
949 ## - LOCAL PROCESSING INFORMATION (OCLC)
a
SA-JeALM
d
250523
u
mohamedma123
n
1
Holdings
Withdrawn status
Lost status
Source of classification or shelving scheme
Damaged status
Not for loan
Home library
Current library
Date acquired
Total checkouts
Full call number
Barcode
Date last seen
Price effective from
Koha item type
Dewey Decimal Classification
DR AbdElwahab Library
DR AbdElwahab Library
05/26/2025
227.3016 ا ل س
000013639
05/26/2025
05/26/2025
Books
Place hold
Print
Add to your cart
(remove)
Save record
BIBTEX
Dublin Core
MARCXML
MARC (non-Unicode/MARC-8)
MARC (Unicode/UTF-8)
MARC (Unicode/UTF-8, Standard)
MODS (XML)
RIS
ISBD
More searches
Search for this title in:
Other Libraries (WorldCat)
Other Databases (Google Scholar)
Online Stores (Bookfinder.com)
Open Library (openlibrary.org)
Exporting to Dublin Core...
×
Simple DC-RDF
OAI-DC
SRW-DC